[Event "Heusenstamm Sparkassen op U14 7th"]
[Site "Heusenstamm"]
[Date "2021.11.20"]
[Round "4.19"]
[White "Niesel, Sebastian"]
[Black "Paschedag, Vivien"]
[Result "1-0"]
[WhiteElo "1087"]
[BlackElo "851"]
[PlyCount "57"]
[EventDate "2021.11.19"]
[EventType "swiss"]
[EventRounds "7"]
[EventCountry "GER"]
[SourceTitle "EXT 2023"]
[Source "ChessBase"]
[SourceDate "2022.10.05"]
[SourceVersion "1"]
[SourceVersionDate "2022.10.05"]
[SourceQuality "1"]

1. e4 e5 2. Nf3 Nc6 3. d4 exd4 4. Nxd4 Bc5 5. Nb3 d6 6. Nxc5 dxc5 7. Qxd8+ Nxd8 8. Bc4 Nf6 9. Nc3 0-0 10. 0-0 Re8 11. Re1 Nc6 12. Bg5 Ng4 13. Nd5 Be6 14. Bb3 Rac8 15. h3 Nge5 16. Bf4 Bd7 17. Rad1 Nd4 18. Nc3 c4 19. Bxe5 Rxe5 20. Rxd4 cxb3 21. Rxd7 bxc2 22. Rc1 f5 23. Rxc2 fxe4 24. Re2 a5 25. Rxe4 Rc5 26. Ree7 b6 27. Rxg7+ Kf8 28. Rxh7 Re8 29. Rh8# 1-0

[Event "Heusenstamm Sparkassen op U14 4th"]
[Site "Heusenstamm"]
[Date "2017.11.26"]
[Round "5"]
[White "Fuerschbach, Nino Matteo"]
[Black "Niesel, Sebastian"]
[Result "1-0"]
[WhiteElo "930"]
[BlackElo "765"]
[PlyCount "191"]
[EventDate "2017.11.24"]
[EventType "swiss"]
[EventRounds "5"]
[EventCountry "GER"]
[SourceTitle "EXT 2019"]
[Source "ChessBase"]
[SourceDate "2018.10.10"]
[SourceVersion "1"]
[SourceVersionDate "2018.10.10"]
[SourceQuality "1"]

1. e4 e5 2. Nf3 Nc6 3. Bc4 d6 4. c3 Nf6 5. d3 Be7 6. 0-0 0-0 7. Bg5 h6 8. Bh4 Be6 9. Bb3 d5 10. Nbd2 d4 11. Bxe6 fxe6 12. Nc4 Bd6 13. Bg3 Ng4 14. cxd4 exd4 15. Bxd6 cxd6 16. Nxd4 Nxd4 17. Qxg4 Qg5 18. Qxg5 hxg5 19. Nxd6 Rab8 20. Kh1 Rfd8 21. Nc4 b5 22. Ne5 Nc2 23. Rac1 Rbc8 24. Ng6 Kf7 25. Ne5+ Kf8 26. Rfd1 Nb4 27. Rxc8 Rxc8 28. a3 Nc6 29. Rc1 Ne7 30. Rxc8+ Nxc8 31. g3 Ke7 32. Nc6+ Kd6 33. Nd4 a6 34. f4 gxf4 35. gxf4 e5 36. fxe5+ Kxe5 37. Nc6+ Kd6 38. Nd4 Ke5 39. Ne2 Nd6 40. Ng3 g6 41. Kg2 Kf4 42. h4 Ke3 43. e5 Nf7 44. e6 Nd6 45. h5 gxh5 46. Nxh5 Kd4 47. Nf4 Ke5 48. Kf3 Nc8 49. Ke3 Kf6 50. Kd4 Kf5 51. e7 Nxe7 52. Nd5 Nc6+ 53. Kc5 Nb8 54. d4 Ke6 55. Nc7+ Kd7 56. Kb6 Kd6 57. Nxa6 Nxa6 58. Kxa6 Kd5 59. Kxb5 Kxd4 60. b4 Kd5 61. a4 Kd6 62. Kb6 Kd7 63. a5 Kc8 64. Ka7 Kc7 65. b5 Kc8 66. b6 Kd7 67. b7 Kc6 68. b8Q Kc5 69. a6 Kc4 70. Kb7 Kb5 71. Kc8+ Kxa6 72. Kc7 Ka5 73. Qb6+ Ka4 74. Kc6 Ka3 75. Kc5 Ka2 76. Kb4 Kb2 77. Kc4+ Kc2 78. Qb3+ Kd2 79. Qd3+ Ke1 80. Kd4 Kf2 81. Ke4 Kg2 82. Qf3+ Kh2 83. Ke3 Kg1 84. Qf2+ Kh1 85. Qf1+ Kh2 86. Qf4+ Kg2 87. Qf3+ Kh2 88. Qe2+ Kg3 89. Qf1 Kg4 90. Ke4 Kg5 91. Qf3 Kg6 92. Ke5 Kg7 93. Qf5 Kg8 94. Kf6 Kf8 95. Qd7 Kg8 96. Qg7# 1-0